|
|
|
|
| LEADER |
00000nam a2200000 a 4500 |
| 001 |
vtls008298292 |
| 003 |
SK-MaSNL |
| 005 |
20260302074149.0 |
| 008 |
240315 000 0 eng |
| 040 |
|
|
|a SNK
|b slo
|c SNK
|e AACR2
|
| 100 |
1 |
|
|a Hradszky, József
|4 aut
|9 589278
|
| 245 |
1 |
|
|a A Szepesmegyei történelmi társulat millenniumi kiadványai
|p Sepesi tíz - lándsások széke vagy a kisvármegye történetea
|n III. - IV. kötet
|c Hradszky József
|
| 260 |
|
|
|a Löcse
|b A Szepesmegyei történelmi társulat
|c 1895
|e Lőcse
|f Reiss J. T.
|
| 300 |
|
|
|a 226 s.
|
| 999 |
|
|
|c 1163936
|d 1165866
|
| 952 |
|
|
|a SNK
|b SNK
|y VYP
|7 0
|p 17A0483952
|o snkSC 744/3 D2
|i snkD 2288/61
|8 1
|3 rekatalogizácia
|0 0
|1 0
|4 0
|d 2005-09-20
|l 0
|r 2026-02-24 20:41:33
|w 2026-02-24
|
| 952 |
|
|
|a SNK
|b SNK
|y PREZ
|7 0
|p 17A0483940
|o snkSC 744/3-4 D1
|i snkKSK 968/56
|8 3
|3 rekatalogizácia
|z R. 1895 - prezenčne knihy
|0 0
|1 0
|4 0
|d 2005-09-20
|l 0
|r 2026-02-24 20:41:33
|w 2026-02-24
|
| 952 |
|
|
|a SNK
|b SNK
|y PREZ
|7 0
|p 17A0715203
|o snkSC 744/3
|0 0
|1 0
|4 0
|d 2011-11-14
|l 0
|r 2025-06-04 00:00:00
|w 2026-02-24
|